| 000 | 01059cam a2200325 a 4500 | ||
|---|---|---|---|
| 005 | 20260322212042.0 | ||
| 008 | data | ||
| 010 | _a 2007032734 | ||
| 020 | _a9780451223036 (trade pbk.) | ||
| 020 | _a0451223039 (trade pbk.) | ||
| 040 |
_aDLC _cDLC _dDLC |
||
| 043 | _an-us-sc | ||
| 050 | 0 | 0 |
_aPS3623.H5776 _bM46 2008 |
| 082 | 0 | 0 |
_a813/.6 _222 |
| 099 | _aWHITE K | ||
| 100 | 1 |
_aWhite, Karen _q(Karen S.) |
|
| 245 | 1 | 4 |
_aThe memory of water / _cKaren White. |
| 260 |
_aNew York : _bNAL Accent, _c2008. |
||
| 300 |
_a315 p. ; _c21 cm. |
||
| 500 | _a"Conversation guide included"--P. [4] of cover. | ||
| 650 | 0 |
_aMentally ill parents _vFiction. |
|
| 650 | 0 |
_aSisters _vFiction. |
|
| 650 | 0 |
_aFamily secrets _vFiction. |
|
| 650 | 0 |
_aSailing _vFiction. |
|
| 651 | 0 |
_aSouth Carolina _vFiction. |
|
| 655 | 0 | _aDomestic fiction. | |
| 856 | 4 | 2 |
_3Contributor biographical information _uhttp://www.loc.gov/catdir/enhancements/fy0804/2007032734-b.html |
| 856 | 4 | 2 |
_3Publisher description _uhttp://www.loc.gov/catdir/enhancements/fy0804/2007032734-d.html |
| 001 | data | ||
| 999 |
_c991 _d991 |
||